CURRENT TRANSFORMERS THEIR TRANSIENT AND STEADY STATE PERFORMANCE (Record no. 583222)
[ view plain ]
| 000 -LEADER | |
|---|---|
| fixed length control field | 00287nam a22001097a 4500 |
| 082 ## - DEWEY DECIMAL CLASSIFICATION NUMBER | |
| Classification number | 621.314 WRI'C |
| 100 ## - MAIN ENTRY--PERSONAL NAME | |
| Personal name | WRIGHT, A |
| 9 (RLIN) | 78066 |
| 245 ## - TITLE STATEMENT | |
| Title | CURRENT TRANSFORMERS THEIR TRANSIENT AND STEADY STATE PERFORMANCE |
| 260 ## - PUBLICATION, DISTRIBUTION, ETC. | |
| Place of publication, distribution, etc. | LONDON |
| Name of publisher, distributor, etc. | CHAPMAN & HALL |
| Date of publication, distribution, etc. | 1968 |
| 300 ## - PHYSICAL DESCRIPTION | |
| Extent | 824P |
| 942 ## - ADDED ENTRY ELEMENTS (KOHA) | |
| Koha item type | Book |
| Withdrawn status | Lost status | Damaged status | Not for loan | Permanent Location | Current Location | Shelving location | Date acquired | Total Checkouts | Full call number | Barcode | Date last seen | Price effective from | Koha item type |
|---|---|---|---|---|---|---|---|---|---|---|---|---|---|
| College of Electrical & Mechanical Engineering (CEME) | College of Electrical & Mechanical Engineering (CEME) | General Stacks | 06/14/2017 | 621.314 WRI'C | CEME-8487 | 06/28/2021 | 06/28/2021 | Book |
